[Event "Open"]
[Site "Olomouc CZE"]
[Date "2001.08.07"]
[Round "7"]
[White "Konrad,E"]
[Black "Markovic,Iv CZE"]
[Result "0-1"]
[WhiteElo "2215"]
[BlackElo "2313"]

1.e4 d6 2.d4 Nf6 3.Nc3 e5 4.dxe5 dxe5 5.Qxd8+ Kxd8 6.Bg5 Be6 7.g3 Be7 8.O-O-O+ Nfd7
9.Bxe7+ Kxe7 10.Nd5+ Bxd5 11.exd5 Nf6 12.Bg2 Nbd7 13.d6+ cxd6 14.Bxb7 Rab8
15.Bg2 Nc5 16.Re1 Ng4 17.Rf1 Rhc8 18.Kb1 f5 19.h3 Na4 20.b3 Nc3+ 21.Ka1 Nf6
22.Rc1 e4 23.Bf1 Nfd5 24.Ne2 Nb4 25.Nxc3 Rxc3 26.Kb2 Rbc8 27.Bc4 Rf3 28.a3 Nc6
29.Rhf1 Ne5 30.Be2 Rfc3 31.Bc4 Nxc4+ 32.Kxc3 Ne3+ 33.Kd2 Nxf1+ 34.Rxf1 d5
35.f3 Ke6 36.fxe4 fxe4 37.c3 g6 38.Rf4 a5 39.Rf1 Rb8 40.Kc2 h5 41.Rf2 Rc8
42.Rf1 d4 43.c4 a4 44.Rf4 Ke5 45.Rf7 axb3+ 46.Kxb3 e3 47.Re7+ Kf5 48.Kc2 Rxc4+
49.Kd3 Ra4 50.Re8 h4 51.gxh4 Kf4 52.Re6 Kf3 53.Rf6+ Kg2 54.Rxg6+ Kf1 55.Rf6+ Ke1
56.h5 e2  0-1

[Event "Mipap Cup"]
[Site "Olomouc CZE"]
[Date "2001.08.07"]
[Round "8"]
[White "Jedryczka,K"]
[Black "Krapivin,V"]
[Result "1-0"]
[WhiteElo "2330"]
[BlackElo "2339"]

1.e4 d6 2.d4 Nf6 3.Nc3 e5 4.Nf3 Nbd7 5.Bc4 Be7 6.O-O O-O 7.Re1 c6 8.a4 a5
9.b3 h6 10.h3 Re8 11.Ba3 Qc7 12.Qd2 Nf8 13.Rad1 Ng6 14.Bf1 Bd7 15.g3 Rad8
16.d5 c5 17.Qe2 Nh7 18.Kh2 Rf8 19.Bc1 f5 20.exf5 Rxf5 21.Ne4 Rdf8 22.Bg2 Qc8
23.Nfd2 b6 24.Rf1 R5f7 25.Nc4 Qb8 26.Qh5 Nh8 27.f4 exf4 28.Bxf4 Nf6 29.Qe2 Nxe4
30.Bxe4 g5 31.Bd2 Bf6 32.Qd3 Bd4 33.Rxf7 Rxf7 34.Rf1 Rxf1 35.Qxf1 Kg7 36.Qf3 Bf6
37.Bc3 Bxc3 38.Qxc3+ Kf7 39.Qf3+ Kg7 40.Bd3 Nf7 41.Qe4 Kf8 42.Be2 Qd8 43.Bh5 b5
44.Qf3 Be8 45.axb5 Kg7 46.Qf5 Qe7 47.Qe6 Qxe6 48.dxe6 Bxb5 49.Ne3 d5 50.Bxf7 d4
51.Nd5 c4 52.bxc4 Bxc4 53.Nb6 d3 54.cxd3 Bxd3 55.Be8 Kf6 56.Bd7 Ke7 57.Kg2 h5
58.Nc8+ Kd8 59.Ba4 Kxc8 60.e7 Be4+  1-0

[Event "Nordic Championships"]
[Site "Bergen NOR"]
[Date "2001.08.08"]
[Round "5"]
[White "Berg,E"]
[Black "Georgiev,Vl"]
[Result "0-1"]
[WhiteElo "2496"]
[BlackElo "2584"]

1.e4 d6 2.d4 Nf6 3.Nc3 e5 4.dxe5 dxe5 5.Qxd8+ Kxd8 6.Bc4 Be6 7.Bxe6 fxe6
8.f3 a6 9.Be3 Bb4 10.Ne2 Ke7 11.a3 Bd6 12.Nc1 Nbd7 13.Nb1 h6 14.Nd3 g5 15.Nd2 g4
16.f4 exf4 17.Nxf4 Rhg8 18.Nd3 h5 19.Bd4 c5 20.Bc3 Rg5 21.O-O Rf8 22.b4 cxb4
23.axb4 Rc8 24.e5 Nxe5 25.Rxf6 Kxf6 26.Ne4+ Ke7 27.Nxg5 Rxc3 28.Rf1 Rxc2
29.Nxe5 Bxe5 30.Rf7+ Kd6 31.Rxb7 Bd4+ 32.Kf1 Rf2+ 33.Ke1 Rxg2 34.Nf7+ Kd5
35.b5 Rxh2 36.Rd7+ Kc4 37.bxa6 Ra2 38.Nd6+ Kd3 39.Kf1 g3  0-1

[Event "ch-AUT"]
[Site "Mureck AUT"]
[Date "2001.08.08"]
[Round "4"]
[White "Lendwai,R"]
[Black "Rolletschek,H"]
[Result "1-0"]
[WhiteElo "2380"]
[BlackElo "2340"]

1.e4 d6 2.d4 Nf6 3.Nc3 e5 4.Nf3 Nbd7 5.Bc4 Be7 6.O-O O-O 7.Re1 c6 8.a4 b6
9.b3 a6 10.Bb2 Bb7 11.Bd3 Qc7 12.Ne2 b5 13.Ng3 g6 14.Qd2 Rfe8 15.c4 exd4
16.Nxd4 bxa4 17.Rxa4 Nc5 18.Raa1 Nxd3 19.Qxd3 Nd7 20.Ndf5 Ne5 21.Nxe7+ Qxe7
22.Qd4 f6 23.Rad1 Rad8 24.Qb6 c5 25.Nf1 Rd7 26.f3 Kf7 27.Qa5 Rb8 28.Qc3 Bc6
29.Ra1 Rdb7 30.Nd2 Rb6 31.f4 Nd7 32.Re3 Nf8 33.Rf1 Re8 34.e5 Qe6 35.Rfe1 dxe5
36.fxe5 f5 37.Qa5 Nd7 38.Rd3 Bb7 39.Rxd7+ Qxd7 40.Qxb6 Qxd2 41.Qxb7+ Kf8
42.Kf1 Qxb2 43.Qxh7 Qxb3 44.Qh8+ Ke7 45.Qf6+ Kd7 46.Qd6+ Kc8 47.Qxa6+ Kc7
48.Qd6+  1-0

[Event "Nordic Championships"]
[Site "Bergen NOR"]
[Date "2001.08.09"]
[Round "6"]
[White "Flaata,A"]
[Black "Martinsen,S"]
[Result "1-0"]
[WhiteElo "2097"]
[BlackElo "2076"]

1.e4 d6 2.d4 Nf6 3.Nc3 Nbd7 4.Bc4 e5 5.Nf3 Be7 6.h3 O-O 7.Qe2 exd4 8.Nxd4 Ne5
9.Bb3 c5 10.Nf5 Bxf5 11.exf5 Qd7 12.Be3 Qxf5 13.f4 Nc6 14.g4 Qc8 15.g5 Ne8
16.O-O-O Nc7 17.a3 Ne6 18.Nd5 Re8 19.Rhg1 Qd8 20.c3 Nc7 21.Qg4 Nxd5 22.Rxd5 Bf8
23.Bxc5 Qc7 24.Bf2 Na5 25.Rxa5 Qxa5 26.g6 hxg6 27.Qxg6 d5 28.Qh5 Rad8 29.Bc2 Bc5
30.Qh7+ Kf8 31.Bh4  1-0

[Event "ch-AUT"]
[Site "Mureck AUT"]
[Date "2001.08.09"]
[Round "5"]
[White "Volkmann,F"]
[Black "Brandner,S"]
[Result "1-0"]
[WhiteElo "2406"]
[BlackElo "2276"]

1.e4 d6 2.d4 Nf6 3.Nc3 e5 4.dxe5 dxe5 5.Qxd8+ Kxd8 6.Bg5 Be6 7.O-O-O+ Nd7
8.Nf3 Kc8 9.Bh4 Bb4 10.Ng5 a5 11.Nxe6 fxe6 12.f3 a4 13.a3 Bxc3 14.bxc3 Ra5
15.Kb2 h6 16.Be2 b6 17.Rd2 Rf8 18.Rhd1 Nc5 19.Bc4 Re8 20.Bf2 Nfd7 21.Be3 Nf6
22.g4 Nfd7 23.g5 hxg5 24.Bxg5 Nf6 25.Be3 Nb7 26.h4 Kb8 27.Rg2 Re7 28.Be2 Ka7
29.Rdg1 Ne8 30.Rg6 Nc5 31.R1g5 Kb7 32.Rh5 Nd7 33.Rh8 Ndf6 34.Bg5 Rd7 35.h5 Nd6
36.h6  1-0

[Event "Open"]
[Site "Olomouc CZE"]
[Date "2001.08.09"]
[Round "9"]
[White "Swicarz,M"]
[Black "Johansson,Ja"]
[Result "1-0"]
[WhiteElo "2309"]
[BlackElo "2370"]

1.e4 d6 2.d4 Nf6 3.Nc3 e5 4.Nf3 Nbd7 5.Bc4 Be7 6.O-O O-O 7.Re1 c6 8.a4 b6
9.Bg5 a6 10.Qe2 Bb7 11.Bb3 b5 12.Rad1 Qc7 13.Rd2 Rfe8 14.Red1 b4 15.Na2 d5
16.dxe5 Nxe4 17.Qxe4 dxe4 18.Rxd7 Rad8 19.e6 f6 20.Nd4 Qe5 21.Nxb4 Rc8 22.Rxe7 Rxe7
23.Ndxc6 Bxc6 24.Nxc6 Qc5 25.Nxe7+ Qxe7 26.Rd7 Rd8 27.Rxd8+  1-0

[Event "12th Sueder Summer"]
[Site "Recklinghausen GER"]
[Date "2001.08.09"]
[Round "6"]
[White "Kartsev,S"]
[Black "Eismont,O"]
[Result "1/2-1/2"]
[WhiteElo "2236"]
[BlackElo "2443"]

1.e4 d6 2.d4 Nf6 3.Nc3 e5 4.Nf3 Nbd7 5.Bc4 Be7 6.O-O O-O 7.Re1 c6 8.a4 Qc7
9.h3 b6 10.Bg5 exd4 11.Nxd4 Ne5 12.Bb3 a6 13.f4 Ng6 14.Nf5 Rd8 15.Qf3 Bxf5
16.exf5 Nf8 17.Ne4 Nxe4 18.Rxe4 Bxg5 19.fxg5 d5 20.Re2 Re8 21.Rae1 Rxe2 22.Rxe2 b5
23.c3 Qd7 24.Qf4 Re8 25.Rxe8 Qxe8 26.axb5 axb5 27.Qd6 Qd7 28.Qc5 g6 29.Bc2 Qe8
30.fxg6 hxg6 31.Qf2 Qe5 32.h4 Ne6 33.g3 Kg7 34.Kg2 b4 35.Qd2 bxc3 36.bxc3 Nc5
37.Kf2 Ne6 38.Kg2 c5 39.Bd3 c4 40.Bc2 Kf8 41.Kf2 Kg7 42.Qe3 Qb8 43.Kf3 Qd6
44.Qe2 Kf8 45.Kg2 Qb6 46.h5 gxh5 47.g6 fxg6 48.Qe5 Kf7 49.Qxd5 Qe3 50.Be4 Qe2+
51.Kg1 Kf6 52.Qc6 Qd1+ 53.Kg2 Qd2+ 54.Kh3 g5 55.Bg2 Qe2 56.Qa8 Qe3 57.Kh2 h4
58.Qh8+ Ke7 59.gxh4 Qf4+ 60.Kg1  1/2-1/2

[Event "Lost Boys Open"]
[Site "Amsterdam NED"]
[Date "2001.08.10"]
[Round "1"]
[White "Van den Doel,E"]
[Black "Wuts,F"]
[Result "1-0"]
[WhiteElo "2607"]
[BlackElo "2315"]

1.e4 d6 2.d4 Nf6 3.Nc3 c6 4.f4 Qa5 5.Bd3 Qb4 6.Nf3 Bg4 7.a3 Qb6 8.Be3 e5
9.fxe5 dxe5 10.Qd2 Bxf3 11.dxe5 Qxb2 12.O-O Nxe4 13.Bxe4 Bxe4 14.Nxe4 Nd7
15.Bd4 Qb5 16.e6 fxe6 17.Bxg7 Qd5 18.Bxh8 Qxe4 19.Rae1 Qg6 20.Bf6 e5 21.Bxe5 O-O-O
22.Bg3 Bc5+ 23.Kh1 Qg4 24.Rd1 h5 25.Rf3 h4 26.Rf4 Qxd1+ 27.Qxd1 hxg3 28.hxg3 Bxa3
29.Qa1 Bd6 30.Rh4 Bxg3 31.Rh8 Nf8 32.Qf1 Bd6 33.g4 Kc7 34.g5 Be7 35.Qf7  1-0

[Event "Smith & Williamson ch-GBR"]
[Site "Scarborough HUN"]
[Date "2001.08.10"]
[Round "11"]
[White "Ledger,D"]
[Black "Willmoth,R"]
[Result "1/2-1/2"]
[WhiteElo "2312"]
[BlackElo "2239"]

1.e4 d6 2.Nc3 Nf6 3.d4 c6 4.f4 Qa5 5.e5 Ne4 6.Qf3 Nxc3 7.Bd2 Qd5 8.Bxc3 Qxf3
9.Nxf3 Bf5 10.O-O-O d5 11.Bd3 Bxd3 12.Rxd3 e6 13.Be1 c5 14.c3 Nc6 15.Bh4  1/2-1/2

[Event "Lost Boys Open"]
[Site "Amsterdam NED"]
[Date "2001.08.11"]
[Round "2"]
[White "Stellwagen,D"]
[Black "Hopman,P"]
[Result "1-0"]
[WhiteElo "2337"]
[BlackElo "2215"]

1.e4 d6 2.d4 Nf6 3.Nc3 Nbd7 4.Nf3 e5 5.Bc4 h6 6.O-O c6 7.a4 Qc7 8.Re1 Be7
9.Ba2 Nf8 10.Nh4 g6 11.f4 a5 12.Nf3 Bg4 13.Be3 exf4 14.Bxf4 O-O-O 15.h3 g5
16.Be3 Bh5 17.Kh1 g4 18.hxg4 Nxg4 19.Bg1 Ne6 20.Ne2 Rdg8 21.Ng3 Ne3 22.Rxe3 Rxg3
23.Bh2 Rg4 24.Qf1 Rhg8 25.d5 Nc5 26.Nd4 Bg6 27.Nf5 Bf8 28.e5 cxd5 29.exd6 Qc6
30.Rd1 d4 31.Nxd4 Qxa4 32.d7+ Qxd7 33.Nb5  1-0

[Event "Nordic Championships"]
[Site "Bergen NOR"]
[Date "2001.08.12"]
[Round "9"]
[White "Gunnarsson,Arn"]
[Black "Stokstad,P"]
[Result "1-0"]
[WhiteElo "2263"]
[BlackElo "2195"]

1.e4 d6 2.Nc3 Nf6 3.d4 c6 4.f4 Qa5 5.e5 Ne4 6.Bd2 Nxd2 7.Qxd2 Bf5 8.exd6 e6
9.Nf3 Bxd6 10.Ne5 Qc7 11.Bd3 Bxd3 12.Nxd3 Nd7 13.Ne4 Be7 14.O-O Nf6 15.Ng5 O-O
16.c3 h6 17.Nf3 Rad8 18.Qf2 c5 19.Rae1 cxd4 20.Nxd4 Qc4 21.Qf3 Rd5 22.f5 Rfd8
23.fxe6 fxe6 24.Nf4 e5 25.Nxd5 Rxd5 26.Nf5 Bc5+ 27.Kh1 Kh7 28.Nxg7 Ng4 29.Ne6 Rd2
30.Qf7+ Kh8 31.Qg7+  1-0

[Event "Nordic Championships"]
[Site "Bergen NOR"]
[Date "2001.08.12"]
[Round "9"]
[White "Schandorff,L"]
[Black "Georgiev,Vl"]
[Result "1-0"]
[WhiteElo "2551"]
[BlackElo "2584"]

1.d4 d6 2.e4 Nf6 3.Nc3 e5 4.dxe5 dxe5 5.Qxd8+ Kxd8 6.Bc4 Be6 7.Bxe6 fxe6
8.f3 a6 9.Be3 Bb4 10.O-O-O+ Ke7 11.Nb1 Rc8 12.Nh3 c5 13.c3 Ba5 14.Rd2 c4
15.Rhd1 Nbd7 16.Nf2 b5 17.Ng4 Rc6 18.Bg5 Rc7 19.f4 h6 20.Bh4 Ke8 21.Nxe5 Nxe5
22.fxe5 Nd7 23.Rd6 g5 24.Rxe6+ Kf7 25.Rxh6 gxh4 26.e6+ Kg7 27.exd7 Kxh6 28.d8=Q Rxd8
29.Rxd8 Rg7 30.Rh8+ Kg5 31.Nd2 Bc7 32.Kd1 Kg4 33.Nf3 Kf4 34.Nxh4 Kxe4 35.Re8+ Kd5
36.g3 b4 37.cxb4 Be5 38.Nf5 Rc7 39.Ne3+ Kd4 40.Kd2 Rh7 41.Nf1 Bd6 42.Rd8  1-0

[Event "I American Continental"]
[Site "Cali COL"]
[Date "2001.08.12"]
[Round "3"]
[White "Rodriguez,W"]
[Black "Moreira Romero,J"]
[Result "1-0"]
[WhiteElo "2093"]
[BlackElo "2372"]

1.e4 d6 2.d4 Nf6 3.Nc3 Nbd7 4.Nf3 e5 5.Bc4 Be7 6.O-O O-O 7.Re1 c6 8.a4 a5
9.b3 Qc7 10.Bb2 Rb8 11.Bd3 Re8 12.Ne2 Bf8 13.Ng3 b6 14.Qd2 Bb7 15.Rad1 Ba8
16.dxe5 dxe5 17.Qe2 Bb4 18.Rf1 Nf8 19.Bc4 Ng6 20.Ng5 Rf8 21.Nh3 Bc5 22.Kh1 Bb7
23.Nh5 Ne8 24.f4 exf4 25.N5xf4 Ne5 26.Bxe5 Qxe5 27.Nd3 Qe7 28.e5 Bc8 29.Nhf4 Ba3
30.Qh5 Nc7 31.Nf2 g6 32.Nxg6  1-0

[Event "US Open"]
[Site "Framingham USA"]
[Date "2001.08.12"]
[Round "9"]
[White "Karatekin,T"]
[Black "Schmaltz,R"]
[Result "0-1"]
[WhiteElo "2309"]
[BlackElo "2528"]

1.e4 d6 2.d4 Nf6 3.Nc3 Nbd7 4.Nf3 e5 5.Bc4 Be7 6.O-O O-O 7.a4 c6 8.Qe2 exd4
9.Nxd4 Re8 10.Ba2 Bf8 11.f3 d5 12.Qf2 dxe4 13.Nxe4 Nc5 14.Ng5 Nd5 15.b4 h6
16.Nxf7 Kxf7 17.bxc5 Bxc5 18.Bb2 Be6 19.Kh1 Qb6 20.Rab1 Rad8 21.Ba1 Bxd4
22.Bxd4 Qc7 23.f4 Kg8 24.Be5 Qf7 25.Qxa7 Rd7 26.Qc5 Nc7 27.Bxe6 Nxe6 28.Qc4 Rd5
29.Rbd1 Red8 30.Rxd5 Rxd5 31.Kg1 Qf5 32.h3 h5 33.Qb3 Nc5 34.Qg3 Rd7 35.Kh2 Ne4
36.Qe3 h4 37.Re1 Ng3 38.Qb3+ Kh7 39.c3 Qg6 40.Qb1 Nf5 41.Rd1 Rf7 42.Qe4 Ng3
43.Qf3 Nh5 44.Kg1 Qf5 45.Rd8 Ng3 46.Kh2 Re7 47.Qd1 Rf7 48.a5 Re7 49.Qb3 Rf7
50.a6 bxa6 51.Qb8 Kg6 52.Rh8 Qd3 53.Rxh4 Nf1+ 54.Kg1 Ne3 55.Kh2 Nf1+ 56.Kg1 Ne3
57.Kh2 Qe2 58.Qb1+ Rf5 59.Qg1 Rf8 60.Bd4 Nf1+ 61.Kh1  0-1

[Event "Lost Boys Open"]
[Site "Amsterdam NED"]
[Date "2001.08.13"]
[Round "4"]
[White "Marechal,A"]
[Black "Hopman,P"]
[Result "1-0"]
[WhiteElo "2371"]
[BlackElo "2215"]

1.e4 d6 2.d4 Nf6 3.Nc3 Nbd7 4.Nf3 e5 5.Bc4 h6 6.O-O c6 7.a4 Qc7 8.h3 Be7
9.Qe2 Nf8 10.Be3 g5 11.dxe5 dxe5 12.Nd2 Ng6 13.f3 Nf4 14.Qf2 Rg8 15.Kh1 h5
16.Ne2 b6 17.c3 Rg7 18.b4 Kf8 19.Rad1 Bd7 20.Nb3 Qc8 21.a5 Nxe2 22.Bxe2 g4
23.Bh6  1-0

[Event "FSIMA August"]
[Site "Budapest HUN"]
[Date "2001.08.13"]
[Round "10"]
[White "Borisek,J"]
[Black "Bognar,C"]
[Result "1-0"]
[WhiteElo "2258"]
[BlackElo "2238"]

1.e4 d6 2.d4 Nf6 3.Nc3 Nbd7 4.Nf3 e5 5.Bc4 Be7 6.O-O O-O 7.Re1 c6 8.a4 b6
9.d5 c5 10.a5 bxa5 11.Nd2 Nb6 12.Bb5 Bd7 13.Bxd7 Nfxd7 14.Nb3 a4 15.Na5 Nb8
16.Nxa4 Nxa4 17.Rxa4 Qd7 18.Ra3 Bd8 19.Nc4 Bc7 20.f4 Qb5 21.Qe2 f6 22.f5 Nd7
23.Rh3 Nb6 24.b3 Nxc4 25.bxc4 Qe8 26.Qg4 Rf7 27.Qh5 h6 28.Rg3 Kf8 29.Rg6 Ke7
30.Qg4 Qa4 31.Rxg7 Rf8 32.Rxf7+ Rxf7 33.Qe2 Ba5 34.Rf1 h5 35.Qd3 Rg7 36.Bh6 Rg4
37.h3 Rg8 38.Kh2 h4 39.Be3 Qe8 40.Qe2 Qf7 41.Bf2 Qh7 42.Ra1 Bb6 43.Be1 Qh6
44.Kh1 Qf4 45.Bd2 Qg3 46.Rb1 Qa3 47.Rb3 Qa1+ 48.Qe1 Qd4 49.Rd3 Qxc4 50.Qxh4 Rg7
51.Qh8 Rf7 52.Qc8 Qxc2 53.Rg3 Qxd2 54.Qe6+ Kf8 55.Qxd6+ Re7 56.Qxf6+ Rf7
57.Qd6+ Re7 58.f6 Bd8 59.Qxd8+ Re8 60.Qd6+  1-0

[Event "ch-FRA Low Pool"]
[Site "Marsailles FRA"]
[Date "2001.08.13"]
[Round "11"]
[White "Fressinet,L"]
[Black "Belkhodja,S"]
[Result "1/2-1/2"]
[WhiteElo "2606"]
[BlackElo "2531"]

1.e4 d6 2.d4 Nf6 3.Nc3 Nbd7 4.f4 e5 5.Nf3 exd4 6.Qxd4 c6 7.Be3 d5 8.exd5 Bc5
9.Qd3 Qe7 10.Nd4 Nb6 11.dxc6 bxc6 12.Be2 Ba6 13.Qd2 Nbd5 14.Nxd5 Nxd5 15.Nf5 Bxe3
16.Nxe7 Bxd2+ 17.Kxd2 Kxe7 18.Bxa6 Nxf4 19.Rae1+ Ne6 20.Bc4 Rhd8+ 21.Kc3 Rd6
22.Rhf1 Rad8 23.Re2 R8d7 24.b4 Kd8 25.Rfe1 Nc7 26.a4 f6 27.Kb3 Rd1 28.Bd3 Rxe1
29.Rxe1 g6 30.Be4 Rd6 31.Bf3 Kd7 32.Kc4 Ne6 33.Rd1 Rxd1 34.Bxd1 f5 35.c3 Kd6
36.a5 Nf4 37.Bf3 g5 38.g3 Ng6 39.Kd4 Ne5 40.Bg2 f4 41.gxf4 gxf4 42.Be4 f3
43.Ke3 Ng4+ 44.Kxf3 Nxh2+ 45.Kg3 Nf1+ 46.Kf2 Nd2 47.Bxh7 c5 48.Ke2 Nc4 49.Bg8 Na3
50.Kd3 cxb4 51.cxb4 Kc6 52.Kc3 Nb5+ 53.Kb3 Nd6 54.Be6 Nb7 55.Bc8 Nxa5+ 56.bxa5 Kb5
57.a6 Kc5 58.Kc3 Kb5 59.Kd4 Kb6 60.Kd5 Kc7 61.Bb7 Kb8 62.Ke4  1/2-1/2

[Event "7th Stage Russian Cup"]
[Site "Togliatty RUS"]
[Date "2001.08.13"]
[Round "6"]
[White "Vorobiov,E"]
[Black "Belozerov,A"]
[Result "1/2-1/2"]
[WhiteElo "2503"]
[BlackElo "2507"]

1.e4 d6 2.d4 Nf6 3.Nc3 e5 4.Nf3 Nbd7 5.Bc4 Be7 6.O-O O-O 7.Re1 c6 8.a4 b6
9.d5 cxd5 10.Nxd5 Nxd5 11.Bxd5 Rb8 12.Qd3  1/2-1/2

[Event "Lost Boys Open"]
[Site "Amsterdam NED"]
[Date "2001.08.14"]
[Round "5"]
[White "Vedder,R"]
[Black "Wuts,F"]
[Result "1/2-1/2"]
[WhiteElo "2220"]
[BlackElo "2315"]

1.d4 d6 2.e4 Nf6 3.Nc3 c6 4.Nf3 Bg4 5.h3 Bh5 6.Be2 Nbd7 7.O-O e5 8.Be3 Be7
9.Nd2 Bxe2 10.Qxe2 O-O 11.a4 Qc7 12.Rfd1 Rfb8 13.Nf1 b5 14.dxe5 dxe5 15.axb5 cxb5
16.Nxb5 Qb7 17.c4 a6 18.Nc3 Qxb2 19.Qxb2 Rxb2 20.Nd5 Bf8 21.f3 a5 22.Rdc1 Nxd5
23.cxd5 a4 24.Rc7 Nf6 25.Bc1 Rb3 26.Nd2 Rd3 27.Kf2 Nh5 28.Nc4 Rc3 29.Bd2 Rb3
30.Rc6 a3 31.Ra2 f5 32.exf5 Nf6 33.d6 Nd5 34.Rxa3 Raxa3 35.Nxa3 Rxa3 36.d7 Be7
37.Rc8+ Kf7 38.d8=Q Bxd8 39.Rxd8 Ne7 40.g4 Nc6 41.Rd7+ Kg8 42.Rc7 Nd4 43.Rc8+ Kf7
44.Rf8+ Kxf8 45.Bb4+ Kf7 46.Bxa3 g6 47.fxg6+ Kxg6 48.Bb2 Nc6 49.Ke3 Kg5 50.Ke4 Kh4
51.Bxe5 Kxh3 52.Kf5 Nb4 53.Kg5 Nd3 54.Bd6 Kg2 55.f4 Kf3 56.Kf5 Nf2 57.g5 Ne4
58.Bc7 Ng3+ 59.Kf6 Nh5+ 60.Kf5 Ng3+ 61.Ke6 Kg4 62.Ke5 Nf5 63.Kf6 Nd4 64.Be5 Nf5
65.Bb8 Nd4 66.Ba7 Ne2 67.f5 Ng3 68.g6 hxg6 69.fxg6 Nh5+ 70.Kf7 Kg5 71.Bc5 Kf5
72.Be7 Ke5 73.Bh4 Kf5 74.Bd8 Ke4 75.Bg5 Ke5 76.Bc1 Kf5 77.Ba3 Kg5 78.Be7+ Kf5
79.Bd8 Ke4 80.Kg8 Nf4  1/2-1/2

[Event "FSIMB August"]
[Site "Budapest HUN"]
[Date "2001.08.14"]
[Round "11"]
[White "Kun,G"]
[Black "Philippe,C"]
[Result "1/2-1/2"]
[WhiteElo "2274"]
[BlackElo "2298"]

1.e4 d6 2.d4 Nf6 3.Nc3 Nbd7 4.f4 e5 5.Nf3 exd4 6.Qxd4 c6 7.Be3 d5 8.exd5 Bc5
9.Qd3 Qe7 10.Nd4 Nb6 11.O-O-O  1/2-1/2

[Event "7th Stage Russian Cup"]
[Site "Togliatty RUS"]
[Date "2001.08.16"]
[Round "9"]
[White "Panarin,M"]
[Black "Rodchenkov,V"]
[Result "1-0"]
[WhiteElo "2377"]
[BlackElo "2272"]

1.e4 d6 2.d4 Nf6 3.Nc3 e5 4.Nf3 Nbd7 5.Bc4 Be7 6.O-O O-O 7.Re1 c6 8.a4 b6
9.b3 a6 10.Bb2 Bb7 11.Qd2 b5 12.Bd3 Re8 13.Ne2 Bf8 14.Ng3 g6 15.Rad1 Qc7
16.Qc1 Rab8 17.Qa1 Bc8 18.Bf1 Bg7 19.h3 Bb7 20.c4 bxc4 21.dxe5 Nxe5 22.Nxe5 dxe5
23.Bxc4 Nd7 24.Qc1 Nf8 25.Rd3 Ne6 26.Bxe6 Rxe6 27.Red1 h6 28.Ba3 Qa5 29.Nf1 h5
30.Qc2 Bh6 31.Bc5 Bg5 32.b4 Qc7 33.Bd6 Rxd6 34.Rxd6 Re8 35.Qc4 Rd8 36.Rxg6+ Kf8
37.Rxd8+ Qxd8 38.Rxc6 Bxc6 39.Qxc6 Qd4 40.b5 axb5 41.axb5 Bd8 42.Ne3 Bb6
43.Qa8+ Bd8 44.Nd5  1-0

[Event "TCh-ESP Div 2"]
[Site "Vila Real ESP"]
[Date "2001.08.16"]
[Round "4"]
[White "Ferron Garcia,C"]
[Black "Toledano Llinares,J"]
[Result "0-1"]
[WhiteElo "2287"]
[BlackElo "2338"]

1.e4 d6 2.d4 Nf6 3.Nc3 e5 4.h3 exd4 5.Qxd4 Nc6 6.Qe3 g6 7.Bd2 Bg7 8.O-O-O O-O
9.Qg3 Re8 10.f3 Be6 11.Nge2 b5 12.Nf4 Bc4 13.Nxb5 Bxf1 14.Rhxf1 Qb8 15.Nc3 Qb7
16.b3 a5 17.Na4 Nd4 18.Bc3 Nh5 19.Qf2 Nxb3+ 20.axb3 Nxf4 21.Bxg7 Kxg7 22.h4 Qb4
23.Qd2 Qa3+ 24.Kb1 Reb8 25.Qxf4 Qxa4 26.Qe3 Qb5 27.Qc3+ Kg8 28.h5 a4 29.hxg6 fxg6
30.Kb2 axb3 31.Qxb3+ Qc4  0-1

[Event "ch-FRA Women"]
[Site "Marsailles FRA"]
[Date "2001.08.17"]
[Round "5"]
[White "Marchadour,C"]
[Black "Franc,N"]
[Result "1/2-1/2"]
[WhiteElo "2128"]
[BlackElo "2103"]

1.e4 d6 2.d4 Nf6 3.Nc3 Nbd7 4.Nf3 e5 5.Bc4 Be7 6.O-O O-O 7.Qe2 c6 8.a4 b6
9.h3 a6 10.Ba2 Rb8 11.Rd1 Qc7 12.Be3 b5 13.axb5 axb5 14.Nd2 exd4 15.Bxd4 Re8
16.f3 Nh5 17.Qf2 Bf6 18.Ne2 Bxd4 19.Nxd4 Nc5 20.Nf1 Nf4 21.Ne2 Nxe2+ 22.Qxe2 Na4
23.c3 d5 24.Bb3 Nc5 25.Ba2 dxe4 26.fxe4 Nxe4 27.Qf3 Qb6+ 28.Kh2 Qc7+ 29.Kg1 Qb6+
30.Kh1 Qd8  1/2-1/2

[Event "I American Continental"]
[Site "Cali COL"]
[Date "2001.08.18"]
[Round "9"]
[White "Bruzon,L"]
[Black "Campora,D"]
[Result "1/2-1/2"]
[WhiteElo "2573"]
[BlackElo "2506"]

1.e4 d6 2.d4 Nf6 3.Nc3 e5 4.Nf3 Nbd7 5.Bc4 Be7 6.O-O O-O 7.Re1 c6 8.a4 b6
9.d5 c5 10.a5 bxa5 11.Nd2 Nb6 12.Rxa5 Bd7 13.Ra3 Nxc4 14.Nxc4 Ne8 15.f4 f6
16.Be3 Rf7 17.Qd3 Bf8 18.Rea1 Bc8 19.Na5 exf4 20.Bxf4 Qb6 21.Nc4 Qd8 22.h3 a6
23.Na4 Bb7 24.Bd2 Nc7 25.Na5 Nb5 26.Rb3 Rb8 27.c4 Nd4 28.Rb6 f5 29.exf5 Qc7
30.Nxb7 Rxb7 31.Rxa6 Rb3 32.Nc3 Rxb2 33.Rf1 Qc8 34.Raa1 Rxf5 35.Be3 g6 36.Bxd4 cxd4
37.Ne4 Qd8 38.Rfb1 Rxb1+ 39.Rxb1 Bg7 40.g3 Be5 41.Kg2 Kf7 42.Rb2 Kg7 43.h4 h6
44.Re2 Qb6 45.Rc2 Qa6 46.Nd2 Qa7 47.Nf3 Bf6 48.Rd2 Kh7 49.Nxd4 Bxd4 50.Qxd4 Qxd4
51.Rxd4  1/2-1/2

[Event "ch-FRA Women"]
[Site "Marsailles FRA"]
[Date "2001.08.18"]
[Round "6"]
[White "Goletto,C"]
[Black "Franc,N"]
[Result "1/2-1/2"]
[WhiteElo "2117"]
[BlackElo "2103"]

1.e4 d6 2.d4 Nf6 3.Nc3 Nbd7 4.Nf3 e5 5.Bc4 Be7 6.O-O O-O 7.a4 c6 8.Qe2 b6
9.Rd1 Qc7 10.Ba2 a6 11.h3 Rb8 12.Bg5 b5 13.axb5 axb5 14.d5 b4 15.dxc6 bxc3
16.cxd7 Bxd7 17.bxc3 Qxc3 18.Bxf6 Bxf6 19.Qd2 Qxd2 20.Nxd2 Bc6 21.f3 Rfd8
22.Nc4 Be7 23.Bb3 Kf8 24.Kf2 f6 25.g3  1/2-1/2

[Event "Schneider Bohemia Open"]
[Site "Pilsen CZE"]
[Date "2001.08.18"]
[Round "1"]
[White "Scheidt,KH"]
[Black "Neumann,P"]
[Result "1-0"]
[WhiteElo "2147"]
[BlackElo "2438"]

1.e4 d6 2.d4 Nf6 3.Nc3 c6 4.f4 Qb6 5.e5 Nd5 6.Ne4 dxe5 7.fxe5 Bf5 8.Ng3 Bg6
9.a3 e6 10.Nf3 Nd7 11.Bd3 c5 12.Bxg6 hxg6 13.c4 Ne7 14.d5 Nf5 15.Ne4 f6 16.O-O O-O-O
17.Qe1 exd5 18.Nc3 dxc4 19.e6 Nb8 20.Qe4 Qa6 21.a4 Nc6 22.Bf4 Ncd4 23.Nb5 g5
24.Nfxd4 Nxd4 25.e7 gxf4 26.exd8=Q+ Kxd8 27.Qd5+ Kc8 28.Rfe1  1-0

[Event "Lost Boys Open"]
[Site "Amsterdam NED"]
[Date "2001.08.19"]
[Round "9"]
[White "Erwich,M"]
[Black "Wuts,F"]
[Result "1/2-1/2"]
[WhiteElo "2263"]
[BlackElo "2315"]

1.e4 d6 2.d4 Nf6 3.Nc3 c6 4.a4 Nbd7 5.Nf3 e5 6.Bc4 Be7 7.O-O O-O 8.dxe5 dxe5
9.Qe2 Qc7 10.h3 Nc5 11.Rd1 Be6 12.b4 Bxc4 13.Qxc4 Ne6 14.Be3 a5 15.b5 cxb5
16.Qxc7 Nxc7 17.Nxb5 Nxb5 18.axb5 Bb4 19.Bd2 Nxe4 20.Bxb4 axb4 21.Rxa8 Rxa8
22.Nxe5 f6 23.Nd3 Nc3 24.Re1 Nd5 25.Nc5 Rc8 26.Nxb7 Rxc2 27.Nd6 h6 28.Rb1 Rc3
29.b6 Nxb6 30.Rxb4 Nd5 31.Rb7 Rc7 32.Rxc7  1/2-1/2

[Event "Ron Banwell Masters"]
[Site "London ENG"]
[Date "2001.08.19"]
[Round "2"]
[White "Thipsay,P"]
[Black "Barle,J"]
[Result "1/2-1/2"]
[WhiteElo "2453"]
[BlackElo "2383"]

1.e4 d6 2.d4 Nf6 3.Nc3 e5 4.Nf3 Nbd7 5.Bc4 Be7 6.O-O O-O 7.Re1 c6 8.a4 a5
9.h3 Qc7 10.Ba2 Nb8 11.Be3 Na6 12.Nd2 Nb4 13.Bb3 exd4 14.Bxd4 d5 15.exd5 Nbxd5
16.Bxd5 Nxd5 17.Nxd5 cxd5 18.Be5 Bd6 19.Bxd6 Qxd6 20.Ne4 Qc6 21.Nc3 Be6 22.Nb5 Rfc8
23.c3 Qb6 24.Re5 Rc4 25.Qe2 Rf8 26.Nd4 Bd7 27.Rxd5 Rxa4 28.Re1 Bc6 29.Rg5 g6
30.b3 Rxd4 31.cxd4 Qxd4 32.Rxa5 Qb4 33.Rea1 Qxb3 34.Qe7 b6 35.Re5 Qc3 36.Rb1 Re8
37.Qxe8+ Bxe8 38.Rxe8+ Kg7 39.Rb8 h5 40.R8xb6 h4 41.R6b4 g5 42.R4b3 Qc2 43.Rb5 f6
44.Re1 Qd2 45.Rb7+ Kg6 46.Rbe7 Qb4 47.R7e3 Qd2 48.Kf1 Qd6 49.Rf3 Qd2 50.Rfe3 Qd6
51.Kg1 Qd2 52.Ra1 Qb2 53.Rd1 Qc2 54.Rf1 Qd2 55.Rf3 Qe2 56.Ra1 Qe5 57.Rb1 Qe4
58.Rc1 Qe2 59.Re3 Qb2 60.Rec3 Qd2 61.Rc6 Kg7 62.Rb1 Kg6 63.Re6 Kf7 64.Rbe1 Kg6
65.g4 hxg3 66.fxg3 Qd4+ 67.Kg2 Qd5+ 68.Kh2 Kf7 69.R6e3 Kg6 70.R1e2 Qf5 71.Rd2 Qf1
72.Ra3 f5 73.Rb2 Kh5 74.Ra4 Qd1 75.Rba2 Qf1 76.Rg2 Qb5 77.Rd4 Qe5 78.Rgd2 Qe6
79.R4d3 Qe1 80.Rd5 Kg6 81.Rd6+ Kh5 82.Ra2 Qf1 83.Rg2 g4 84.hxg4+ fxg4 85.Rd4 Kg5
86.Rf4 Qb1 87.Rd2 Qh7+ 88.Kg1 Qa7+ 89.Rfd4 Qc7 90.Rd6 Kf5 91.Rf2+ Ke4 92.Rf4+ Ke3
93.Re6+ Kd3 94.Re1 Qc5+ 95.Rf2 Qc7 96.Rd1+ Ke3 97.Rf4 Qc5 98.Rdf1 Qa7 99.R4f2 Qc7
100.Re1+ Kd3 101.Kg2 Qb7+ 102.Kh2 Qh7+ 103.Kg1 Qc7 104.Rd1+ Ke3 105.Rf4 Qa7
106.Rdf1 Kd3+ 107.Kg2 Qb7+ 108.Kg1 Qa7+  1/2-1/2

[Event "I American Continental"]
[Site "Cali COL"]
[Date "2001.08.20"]
[Round "11"]
[White "Lorenzana,W"]
[Black "Moreira Romero,J"]
[Result "0-1"]
[WhiteElo "2176"]
[BlackElo "2372"]

1.e4 d6 2.d4 Nf6 3.Nc3 Nbd7 4.Nf3 e5 5.Bc4 Be7 6.O-O O-O 7.h3 c6 8.a4 b6
9.dxe5 dxe5 10.Qe2 Qc7 11.Nh4 Bc5 12.Nf5 g6 13.Nh6+ Kg7 14.g4 a6 15.Bg5 Be7
16.Qf3 Nc5 17.Nxf7 Be6 18.Bh6+ Kxf7 19.Bxe6+ Kxe6 20.Bxf8 Rxf8 21.b4 Ncd7
22.Qe2 Qd6 23.Qc4+ Nd5  0-1